[Event "Deutsche Ländermeisterschaft 2016"]
[Site "Hannover GER"]
[Date "2016.10.03"]
[Round "4"]
[White "Tettmann, Ann-Kathrin"]
[Black "Schumann, Rabea"]
[Result "1/2-1/2"]
[Termination "normal"]
[Board "9.4"]
[WhiteElo "1789"]
[BlackElo "1857"]
[WhiteTeam "SG Saarland / Rheinland-Pfalz"]
[BlackTeam "Mecklenburg-Vorpommern"]
[PlyCount "146"]
[WhiteFideId "12945676"]
[BlackFideId "12918199"]
[EventCountry "GER"]
[EventRounds "7"]
[EventType "team-swiss"]
[EventDate "2016.09.30"]

1. d4 d5 2. c4 e6 3. Nf3 Nf6 4. Bg5 Be7 5. e3 h6 6. Bh4 O-O 7. Nbd2 b6 8. Bd3
Bb7 9. O-O Nbd7 10. Qe2 c5 11. Rac1 Rc8 12. Rfd1 Re8 13. cxd5 exd5 14. Bb5 a6
15. Bxd7 Nxd7 16. Bxe7 Qxe7 17. dxc5 bxc5 18. Qd3 Nf6 19. Qa3 Rc7 20. Rc2 Rec8
21. Rdc1 Ne4 22. Nb3 Qf6 23. Na5 g5 24. Ne1 d4 25. f3 Nd6 26. exd4 Qxd4+ 27.
Kh1 Nb5 28. Qd3 Bd5 29. b3 Be6 30. a4 Qxd3 31. Nxd3 Nd4 32. Rxc5 Rxc5 33. Rxc5
Rb8 34. Nc1 Nxb3 35. Ncxb3 Bxb3 36. Nxb3 Rxb3 37. Kg1 Kg7 38. Rc6 a5 39. Ra6
Ra3 40. Rxa5 Kf6 41. Kf2 Ke6 42. Kg3 f5 43. h4 g4 44. Kf4 gxf3 45. gxf3 Rb3 46.
Ra8 Rb4+ 47. Kg3 h5 48. a5 f4+ 49. Kg2 Ra4 50. a6 Kd7 51. a7 Kc7 52. Rh8 Rxa7
53. Rxh5 Kd6 54. Kh3 Ke6 55. Kg4 Rf7 56. Rg5 Rf6 57. h5 Rf7 58. h6 Rh7 59. Rg6+
Kf7 60. Ra6 Rh8 61. Kxf4 Rb8 62. Kg4 Rb4+ 63. f4 Rb1 64. Kg5 Rg1+ 65. Kf5 Rh1
66. Ra7+ Kg8 67. h7+ Kh8 68. Kf6 Rh6+ 69. Kg5 Rh1 70. f5 Rh2 71. f6 Rg2+ 72.
Kh4 Rf2 73. f7 Rxf7 1/2-1/2

[Event "Deutsche Ländermeisterschaft 2016"]
[Site "Hannover GER"]
[Date "2016.10.03"]
[Round "4"]
[White "Jeschke, Jan"]
[Black "Troyke, Jannis"]
[Result "0-1"]
[Termination "normal"]
[Board "9.6"]
[WhiteElo "1249"]
[BlackElo "1726"]
[WhiteTeam "SG Saarland / Rheinland-Pfalz"]
[BlackTeam "Mecklenburg-Vorpommern"]
[PlyCount "114"]
[WhiteFideId "16225430"]
[BlackFideId "12993115"]
[EventCountry "GER"]
[EventRounds "7"]
[EventType "team-swiss"]
[EventDate "2016.09.30"]

1. e4 c5 2. Nf3 d6 3. d4 cxd4 4. Nxd4 Nf6 5. Nc3 g6 6. f3 Bg7 7. Be3 O-O 8. Qd2
Nc6 9. Bc4 Bd7 10. O-O-O Rc8 11. Bb3 Ne5 12. g4 Nc4 13. Bxc4 Rxc4 14. h4 h5 15.
gxh5 Nxh5 16. Rhg1 Qc8 17. Nde2 b5 18. Nd5 Qd8 19. b3 Rc8 20. Bh6 e6 21. Bxg7
Kxg7 22. Ndf4 Nxf4 23. Qxf4 e5 24. Qe3 Qa5 25. Kb1 b4 26. Nc1 Rc3 27. Rd3 Rfc8
28. Rg2 Bb5 29. Rxc3 bxc3 30. a4 Bxa4 31. Na2 Bb5 32. f4 Rc6 33. b4 Qa3 34. Qc1
Qxc1+ 35. Kxc1 exf4 36. Rf2 Rc7 37. Rxf4 Bd7 38. Rf3 Rc4 39. Re3 Be6 40. b5 Kh6
41. Nxc3 Kh5 42. e5 dxe5 43. Rxe5+ Kxh4 44. Re4+ Kg3 45. Ne2+ Kf3 46. Rxc4 Bxc4
47. Nd4+ Ke4 48. c3 Kd3 49. Kb2 g5 50. Nf5 Bxb5 51. Nd6 Bc4 52. Ka3 g4 53. Nf5
Kxc3 54. Nd6 Bd5 55. Nb5+ Kc4 56. Nxa7 Bb7 57. Kb2 g3 0-1

[Event "Deutsche Ländermeisterschaft 2016"]
[Site "Hannover GER"]
[Date "2016.10.03"]
[Round "4"]
[White "Eulitz, Charlotte"]
[Black "Fuchs, Emily"]
[Result "1/2-1/2"]
[Termination "normal"]
[Board "9.7"]
[WhiteElo "1465"]
[BlackElo "1258"]
[WhiteTeam "Mecklenburg-Vorpommern"]
[BlackTeam "SG Saarland / Rheinland-Pfalz"]
[PlyCount "150"]
[WhiteFideId "12964654"]
[BlackFideId "16208986"]
[EventCountry "GER"]
[EventRounds "7"]
[EventType "team-swiss"]
[EventDate "2016.09.30"]

1. e4 e5 2. f4 d6 3. Nf3 Bg4 4. Bc4 Nc6 5. Be2 Nf6 6. Nc3 Be7 7. O-O O-O 8. d3
Qd7 9. f5 Rfe8 10. Be3 d5 11. Bg5 dxe4 12. dxe4 Qxd1 13. Raxd1 Bxf3 14. Bxf3 h6
15. Bxf6 Bxf6 16. Nd5 Bd8 17. Rf2 Ne7 18. Rfd2 c6 19. Nxe7+ Bxe7 20. Rd7 b6 21.
Rc7 Bc5+ 22. Kf1 Red8 23. Rdd7 Rxd7 24. Rxd7 Bd4 25. c3 Be3 26. Ke2 Bc1 27. b3
Bb2 28. Kd2 a5 29. Kc2 Ba3 30. Rb7 Bc5 31. Rc7 a4 32. Rxc6 axb3+ 33. Kxb3 Ra3+
34. Kb2 Ra4 35. h3 Be3 36. Kb3 Ra5 37. a4 b5 38. axb5 Rxb5+ 39. Kc4 Rb2 40.
Rc8+ Kh7 41. Kd5 Rb5+ 42. Kd6 Bf4 43. Bh5 Rb6+ 44. Kc5 Be3+ 45. Kc4 g6 46.
fxg6+ fxg6 47. Bf3 g5 48. Kd5 Bf4 49. c4 Kg7 50. c5 Rb5 51. Kd6 Be3 52. c6 Bc5+
53. Kd7 Rb6 54. Kc7 Kf7 55. Rd8 Ke7 56. Rd7+ Kf8 57. Rd5 Be3 58. Kd7 Bf2 59. c7
Rb7 60. Kd8 Bb6 61. Rxe5 Bxc7+ 62. Kc8 Bxe5 63. Kxb7 Ke7 64. Kc6 Kf6 65. Kd7
Bh2 66. Ke8 Ke5 67. Kf7 h5 68. Kg6 Kf4 69. Kxh5 Bg3 70. e5 Kxe5 71. Kxg5 Bf4+
72. Kg6 Bg3 73. Bd1 Bh4 74. g4 Kf4 75. Kh5 Kg3 1/2-1/2

[Event "Deutsche Ländermeisterschaft 2016"]
[Site "Hannover GER"]
[Date "2016.10.03"]
[Round "4"]
[White "Huppert, Anna"]
[Black "Wucherer, Sophie"]
[Result "1-0"]
[Termination "normal"]
[Board "9.8"]
[WhiteElo "1066"]
[BlackElo "1213"]
[WhiteTeam "SG Saarland / Rheinland-Pfalz"]
[BlackTeam "Mecklenburg-Vorpommern"]
[PlyCount "85"]
[WhiteFideId "16214439"]
[BlackFideId "16225473"]
[EventCountry "GER"]
[EventRounds "7"]
[EventType "team-swiss"]
[EventDate "2016.09.30"]

1. e4 d5 2. exd5 Qxd5 3. Nc3 Qa5 4. d4 c6 5. Nf3 Nf6 6. Bc4 Bf5 7. Ne5 e6 8.
O-O Bd6 9. f4 Qb6 10. Kh1 Nd5 11. Bxd5 cxd5 12. b3 Nc6 13. Ne2 Rc8 14. Bb2 Be7
15. Ng3 Rc7 16. Nxf5 exf5 17. Qd2 O-O 18. Rad1 Rfc8 19. c3 Bf6 20. Qd3 g6 21.
Rc1 Ne7 22. Rf3 Qa5 23. a4 a6 24. Re3 b5 25. Qd1 b4 26. cxb4 Qxb4 27. Rxc7 Rxc7
28. Nd3 Qb6 29. Nf2 Nc6 30. Rd3 Nb4 31. Rd2 a5 32. g4 fxg4 33. Nxg4 Bg7 34. Qe1
Rc2 35. Rxc2 Nxc2 36. Qe8+ Bf8 37. Nf6+ Kg7 38. Nxd5 Qxb3 39. Qe5+ Kg8 40. Nf6+
Kg7 41. Nd7+ Kg8 42. d5 Qxa4 43. Qh8# 1-0